000 00735nam a2200265Ia 4500
003 OSt
005 20220918163328.0
006 a|||||r|||| 00| 0
007 ta
008 220917b |||||||| |||| 00| 0 eng d
020 _a0 571 09551 8
024 _a22,725
037 _cTextual
040 _aARTS
_cARTS
_beng
041 _2eng
_aeng
082 _aO111,3N11:g, K7
100 _aKinkead-Weekes Mark
_912683
245 0 _aWilliam Golding
_b a critical study
260 _aLondon
_bFaber and Faber UK
_c1967
300 _a257p.
_ccm.
650 _aENGLISH LITERATURE
700 _a Gregor Ian
_912684
942 _hO111,3N11:g, K7
_cTEXL
_2CC
999 _c119108
_d119108